Trasa Warszawskiej linii autobusowej 439 - Statystyki

Ogólne statystyki
  • Ten quiz został rozwiązany 11 razy
    9 od ostatniego zresetowania
  • Średni wynik to 8 z 10
Statystyki odpowiedzi
Dzielnica / Miasto Przystanek % Poprawnych
Ursynów Metro Kabaty
100%
Ursynów Ogród Botaniczny
100%
Ursynów Ogród Botaniczny
100%
Ursynów Osiedle Kabaty
100%
Konstancin-Jeziorna Borowa
75%
Ursynów Zaruby
75%
Ursynów Rosnowskiego
63%
Ursynów Wąwozowa
63%
Wilanów Andrutowa
50%
Konstancin-Jeziorna Wczasowa
50%
Nie znaleziono quizów pasujących do podanych kryteriów
Rozkład punktacji
Procent ludzi z każdym wynikiem
Percentyl według liczby udzielonych odpowiedzi
Twoja historia wyników
Nie rozwiązałeś tego quizu od ostatniego zresetowania